000 00662 a2200277 4500
001 111054
003 OSt
005 20240411141226.0
008 240411b |||||||| |||| 00| 0 POR d
020 _a9788506063323
040 _aBR-BrIDEA
_cBR-BrIDEA
041 _apor
082 _a92
090 _aP Year 7 92 MAZ
100 _aMazza, Viviana.
245 1 0 _aO menino Nelson Mandela
_c Viviana Mazza
250 _a. ed.
260 _a[S.l.]
_bMelhores
_c2017
697 _aÁfrica do Sul.
697 _aBiografia.
697 _aAtivista
697 _aDireitos humanos
697 _aRacismo
856 _u000002/000002e9.jpg
942 _cBK
_2udc
999 _c111054
_d111054